header

A house in Zambia (Record no. 78885)

MARC details
000 -LEADER
fixed length control field 01828nam a2200397 a 4500
082 04 - DEWEY DECIMAL CLASSIFICATION NUMBER
Classification number 361.26096894
245 02 - TITLE STATEMENT
Title A house in Zambia
260 ## - PUBLICATION, DISTRIBUTION, ETC. (IMPRINT)
Place of publication Lusaka, Zambia :
Name of publisher Bookworld Publishers,
Year of publication 2008.
300 ## - PHYSICAL DESCRIPTION
Number of Pages xiii, 169 p. :
Other physical details ill.
505 0# - FORMATTED CONTENTS NOTE
Formatted contents note pt. 1. Background -- pt. 2. The Oxfam representatives in Zambia -- pt. 3. The Oxfam desk officer and regional manager -- pt. 4. The incredible Oxfam support staff -- pt. 5. Some friends of Oxfam -- pt. 6. Two postscripts, 2004-05 -- pt. 7. Closing thoughts.
650 #0 - SUBJECT ADDED ENTRY--TOPICAL TERM
Topical Term Humanitarian assistance, British
Topical Term Civil rights workers
Topical Term Anti-apartheid activists
700 1# - ADDED ENTRY--PERSONAL NAME
Personal name Palmer, Robin.
856 40 - ELECTRONIC LOCATION AND ACCESS
Uniform Resource Identifier http://site.ebrary.com/lib/rucke/Doc?id=10574650

No items available.

© 2026 Rongo University
Contact us: librarian | system librarian | Rongo university